That incredible Christian. (Record no. 13089)

000 -LEADER
fixed length control field 00554nam a2200181 a 4500
001 - CONTROL NUMBER
control field :::00010907$&:&@@
003 - CONTROL NUMBER IDENTIFIER
control field OkBaRHE
005 - DATE AND TIME OF LATEST TRANSACTION
control field 20000607103403.0
008 - FIXED-LENGTH DATA ELEMENTS--GENERAL INFORMATION
fixed length control field s1986 j 000 0 eng u
040 ## - CATALOGING SOURCE
Transcribing agency
100 1# - MAIN ENTRY--PERSONAL NAME
Personal name Tozer, A. W., 1897-
245 10 - TITLE STATEMENT
Title That incredible Christian.
260 ## - PUBLICATION, DISTRIBUTION, ETC. (IMPRINT)
Place of publication, distribution, etc Camp Hill, PA., :
Name of publisher, distributor, etc Christian Publications
Date of publication, distribution, etc 1986
300 ## - PHYSICAL DESCRIPTION
Extent 137 p. ;
Dimensions 18 cm.
650 ## - SUBJECT ADDED ENTRY--TOPICAL TERM
Topical term or geographic name as entry element Christian Life
General subdivision 1960-
942 ## - ADDED ENTRY ELEMENTS (KOHA)
Source of classification or shelving scheme
Koha item type Books
Copies
Koha item type Permanent Location Not for loan Withdrawn status Lost status Date acquired Shelving location Damaged status Barcode Copy number Source of classification or shelving scheme Price effective from Date last seen Full call number
BooksRHEMA Bible Training College   2010-04-14General Stacks 109071 2010-04-142010-04-14BV 4501.2 .T682